| 000 | 00353 a2200157 4500 | ||
|---|---|---|---|
| 001 | 68289 | ||
| 020 | _a9783852725727 | ||
| 040 | _cAnchieta - Pituba | ||
| 100 | _aHobbs, Martyn | ||
| 240 | 1 | 0 |
_aJack's endless summer _leng |
| 245 | 1 | 0 | _aJack's endless summer |
| 300 | _a63 | ||
| 362 | 0 | _a2013 | |
| 650 | 4 | _aLiteratura juvenil em inglês | |
| 942 | _cBK | ||
| 999 |
_c68289 _d68289 |
||